Call of Duty 4 weapons - Statistics

General Stats
  • This quiz has been taken 1,171 times
    1,170 since last reset
  • The average score is 13 of 31
Answer Stats
Hint Answer % Correct
Assault AK-47
83%
SMG MP5
76%
Pistol Desert Eagle
61%
Assault G3
58%
SMG P90
54%
Explosives C4
53%
Pistol M9
52%
SMG AK-74u
51%
Assault M4 Carbine
49%
SMG Mini-Uzi
48%
LMG RPD
47%
Assault G36C
46%
Sniper R700
46%
Grenades Flash
45%
Assault M14
44%
Explosives Claymore
43%
Sniper M40A3
43%
Sniper Dragunov
42%
Sniper M21
42%
Explosives RPG
39%
Grenades Stun
37%
Pistol USP.45
37%
Pistol M1911
36%
SMG Skorpion
36%
Shotgun M1014
34%
Assault MP44
31%
Sniper Barret.50cal
27%
Shotgun W1200
27%
LMG M249 SAW
24%
LMG M60E4
21%
Assault M164A
6%
No matching quizzes found
Score Distribution
Percent of People with Each Score
Percentile by Number Answered
Your Score History
You have not taken this quiz since the last reset